Qui a réalisé ce film ? (Ultimate edition) - Statistiques

Statistiques générales
  • Ce quiz a été pris 80 fois
    18 depuis la dernière actualisation
  • Le résultat moyen est 102 sur 305
Statistiques - réponses
Movie Réponse % Correct
Edward Aux Mains D'argent (1990) Tim Burton
85%
Avatar : La Voie De L'eau (2022) James Cameron
77%
Le Cinquième Elément (1997) Luc Besson
77%
Shutter Island (2010) Martin Scorsese
77%
Le Terminal (2004) Steven Spielberg
77%
Babylon (2023) Damien Chazelle
69%
Once Upon A Time In Hollywood (2019) Quentin Tarantino
69%
Les Sept Samouraïs (1954) Akira Kurosawa
62%
Birdman (2014) Alejandro Gonzalez Inarritu
62%
Kaamelott : Premier Volet (2021) Alexandre Astier
62%
La Mort Aux Trousses (1959) Alfred Hitchcock
62%
Bienvenue Chez Les Ch'tis (2008) Dany Boon
62%
Zodiac (2007) David Fincher
62%
Premier Contact (2016) Denis Villeneuve
62%
M Le Maudit (1931) Fritz Lang
62%
Le Voyage Dans La Lune (1902) George Méliès
62%
Le Nom De La Rose (1986) Jean-Jacques Annaud
62%
Les Misérables (2019) Ladj Ly
62%
Dogville (2003) Lars Von Trier
62%
Funny Games (1997) Michael Haneke
62%
Don't Worry Darling (2022) Olivia Wilde
62%
Citizen Kane (1941) Orson Welles
62%
Le Hobbit : Un Voyage Inatendu (2012) Peter Jackson
62%
Gladiator (2000) Ridley Scott
62%
Le Pianiste (2002) Roman Polanski
62%
Pour Une Poignée De Dollars (1964) Sergio Leone
62%
Eyes Wide Shut (1999) Stanley Kubrick
62%
Man On Fire (2004) Tony Scott
62%
Vicky Cristina Barcelona (2008) Woody Allen
62%
Juste La Fin Du Monde (2016) Xavier Dolan
62%
Astérix Et Obélix : Mission Cléopâtre (2002) Alain Chabat
54%
Les Fils De L'homme (2006) Alfonso Cuaron
54%
Avengers : Infinity War (2018) Anthony et Joe Russo
54%
Gatsby Le Magnifique (2013) Baz Luhrmann
54%
Memories Of Murder (2003) Bong Joon-ho
54%
Les Lumières De La Ville (1931) Charlie Chaplin
54%
Harry Potter à L'école Des Sorciers (2001) Chris Columbus
54%
Memento (2000) Christopher Nolan
54%
Impitoyable (1992) Clint Eastwood
54%
Lost Highway (1997) David Lynch
54%
Conversation Secrète (1974) Francis Ford Coppola
54%
Enter The Void (2009) Gaspard Noé
54%
Ne Le Dis à Personne (2006) Guillaume Canet
54%
Le Labyrinthe De Pan (2006) Guillermo Del Toro
54%
Snatch : Tu Braques Ou Tu Raques (2000) Guy Ritchie
54%
Le Septième Sceau (1957) Ingmar Bergman
54%
Un Prophète (2009) Jacques Audiard
54%
Le Fabuleux Destin D'Amélie Poulain (2001) Jean-Pierre Jeunet
54%
No Country For Old Men (2007) Joel et Ethan Coen
54%
The Thing (1982) John Carpenter
54%
Danse Avec Les Loups (1990) Kévin Costner
54%
The Artist (2011) Michel Hazanavicius
54%
Split (2017) M. Night Shyamalan
54%
Mademoiselle (2016) Park Chan-wook
54%
Seul Au Monde (2000) Robert Zemeckis
54%
Lost In Translation (2003) Sofia Coppola
54%
Scream (1996) Wes Craven
54%
Paris, Texas (1984) Wim Wenders
54%
In The Mood For Love (2000) Wong Kar-wai
54%
Mektoub, My Love : Canto Uno (2017) Abdellatif Kechiche
46%
Adieu Les Cons (2020) Albert Dupontel
46%
Le Miroir (1975) Andreï Tarkovski
46%
Le Secret De Brokeback Mountain (2005) Ang Lee
46%
Hérédité (2018) Ari Aster
46%
Assurance Sur La Mort (1944) Billy Wilder
46%
L'impasse (1993) Brian De Palma
46%
Nomadland (2020) Chloé Zhao
46%
Z (1969) Costa-Gavras
46%
Videodrome (1983) David Cronenberg
46%
Huit Et Demi (1963) Federico Fellini
46%
Jules Et Jim (1962) François Truffaut
46%
Lady Bird (2017) Greta Gerwig
46%
Will Hunting (1997) Gus Van Sant
46%
Playtime (1967) Jacques Tati
46%
Pierrot Le Fou (1965) Jean-Luc Godard
46%
Dead Man (1995) Jim Jarmusch
46%
Nope (2022) Jordan Peele
46%
Point Break (1991) Kathryn Bigelow
46%
Annette (2021) Leos Carax
46%
Tu Ne Tueras Point (2016) Mel Gibson
46%
No Pain No Gain (2013) Michael Bay
46%
Eternal Sunshine Of The Spotless Mind (2004) Michel Gondry
46%
Drive (2011) Nicolas Winding Refn
46%
Punch-Drunk Love (2002) Paul Thomas Anderson
46%
Tout Sur Ma Mère (1999) Pedro Almodovar
46%
Les Sentiers De La Perdition (2002) Sam Mendes
46%
Evil Dead (1981) Sam Raimi
46%
Do The Right Thing (1989) Spike Lee
46%
Erin Brockovich, Seule Contre Tous (2000) Steven Soderbergh
46%
Jojo Rabbit (2019) Taika Waititi
46%
La Ligne Rouge (1998) Terence Malick
46%
Massacre à La Tronçonneuse (1974) Tobe Hooper
46%
La Vie Aquatique (2004) Wes Anderson
46%
Cléo De 5 à 7 (1962) Agnès Varda
38%
Nuit Et Brouillard (1956) Alain Resnais
38%
Argo (2012) Ben Affleck
38%
Usual Suspects (1995) Bryan Singer
38%
Shaun Of The Dead (2004) Edgar Wright
38%
Case Départ (2011) Fabrice Eboué
38%
Que Justice Soit Faite (2009) F. Gary Gray
38%
Le Dîner De Cons (1998) Francis Veber
38%
American Graffiti (1973) George Lucas
38%
Trois Mille Ans à T'attendre (2022) George Miller
38%
Le Grand Bain (2018) Gilles Lellouche
38%
Cinema Paradiso (1988) Guiseppe Tornatore
38%
Kiki La Petite Sorcière (1989) Hayao Miyazaki
38%
The Lost City Of Z (2016) James Gray
38%
Conjuring 2 : Le Cas Enfield (2016) James Wan
38%
La Leçon De Piano (1993) Jane Campion
38%
Rosetta (1999) Jean-Pierre et Luc Dardenne
38%
Le Cercle rouge (1970) Jean-Pierre Melville
38%
La Prisonnière Du Désert (1956) John Ford
38%
Avengers (2012) Joss Whedon
38%
Grave (2016) Julia Ducournau
38%
Moi, Daniel Blake (2016) Ken Loach
38%
Call Me By Your Name (2017) Luca Guadagnino
38%
Polisse (2011) Maïwenn
38%
Kingsman - Services Secrets (2015) Matthew Vaughn
38%
Casablanca (1942) Michael Curtiz
38%
Collatéral (2004) Michael Mann
38%
Man On The Moon (1999) Milos Forman
38%
La Belle Epoque (2019) Nicolas Bedos
38%
Les Tuche (2011) Olivier Baroux
38%
Salo Ou Les 120 Journées De Sodome (1975) Paolo Pier Pasolini
38%
La Grande Bellezza (2013) Paolo Sorrentino
38%
Starship Troopers (1997) Paul Verhoeven
38%
Yannick (2023) Quentin Dupieux
38%
A Couteaux Tirés (2019) Rian Johnson
38%
Before Sunset (2004) Richard Linklater
38%
Sin City (2005) Robert Rodriguez
38%
Into The Wild (2007) Sean Penn
38%
12 Hommes En Colère (1957) Sydney Lumet
38%
L'armée Des 12 Singes (1995) Terry Gilliam
38%
La Chasse (2012) Thomas Vinterberg
38%
French Connection (1971) William Friedkin
38%
The Lobster (2015) Yorgos Lanthimos
38%
Man Of Steel (2013) Zack Snyder
38%
Le Goût De La Cerise (1997) Abbas Kiarostami
31%
Le Gout Des Autres (2000) Agnès Jaoui
31%
Les Autres (2001) Alejandro Amenabar
31%
Haute Tension (2003) Alexandre Aja
31%
Equalizer 2 (2018) Antoine Fuqua
31%
Buffet Froid (1979) Bertrand Blier
31%
Ratatouille (2007) Brad Bird
31%
Les Dix Commandements (1956) Cecil B. DeMille
31%
Un Air De Famille (1996) Cédric Klapisch
31%
La Nuit Du Chasseur (1955) Charles Laughton
31%
Les Ripoux (1984) Claude Zidi
31%
Mother ! (2017) Darren Aronofsky
31%
Le Pont De La Rivière Kwaï (1957) David Lean
31%
Harry Potter Et L'ordre Du Phénix (2007) David Yates
31%
Naissance D'une Nation (1915) D. W. Griffith
31%
Yi Yi (2000) Edward Yang
31%
The Mist (2007) Frank Darabont
31%
Nosferatu Le Vampire (1922) Friedrich Wilhelm Murnau
31%
The Creator (2023) Gareth Edwards
31%
La Nuit Des Morts-vivants (1968) George A. Romero
31%
La Grande Vadrouille (1966) Gérard Oury
31%
The Lone Ranger (2013) Gore Verbinski
31%
Le Salaire De La Peur (1953) Henri-Georges Clouzot
31%
Les Parapluies De Cherbourg (1964) Jacques Demy
31%
Les Gardiens De La Galaxie Vol. 3 (2023) James Gunn
31%
Le Père Noël Est Une Ordure (1982) Jean-Marie Poiré
31%
Star Trek Into Darkness (2013) J.J. Abrams
31%
The Breakfast Club (1985) John Hughes
31%
Predator (1987) John McTiernan
31%
Volte-Face (1997) John Woo
31%
Uncut Gems (2019) Josh et Bennie Safdie
31%
Belfast (2021) Kenneth Branagh
31%
J'ai Rencontré Le Diable (2010) Kim Jee-woon
31%
Le Guépard (1962) Luchino Visconti
31%
Les Enfants Du Paradis (1945) Marcel Carné
31%
500 Jours Ensemble (2009) Marc Webb
31%
Les Rivières Pourpres (2000) Mathieu Kassovitz
31%
Voyage Au Bout De L'enfer (1978) Michael Cimino
31%
Tre Piani (2020) Nanni Moretti
31%
L'enfer Du Dimanche (1999) Oliver Stone
31%
36 Quai Des Orfèvres (2004) Olivier Marchal
31%
Martyrs (2008) Pascal Laugier
31%
Les Bronzés Font Du Ski (1979) Patrice Leconte
31%
Green Book : Sur Les Routes Du Sud (2018) Peter et Bobby Farelly
31%
Le Cercle Des Poètes Disparus (1989) Peter Weir
31%
The Lighthouse (2019) Robert Eggers
31%
Stand By Me (1986) Rob Reiner
31%
Le Jour D'après (2004) Roland Emmerich
31%
Creed : L'Héritage De Rocky Balboa (2015) Ryan Coogler
31%
Perfect Blue (1998) Satoshi Kon
31%
Le Cuirassé Potemkine (1925) Sergueï Eisenstein
31%
Kiss Kiss Bang Bang (2005) Shane Black
31%
Dans La Peau De John Malkovich (1999) Spike Jonze
31%
Tootsie (1982) Sydney Pollack
31%
Hana-bi (1997) Takeshi Kitano
31%
Freaks (1932) Tod Browning
31%
Le Voleur De Bicyclette (1948) Vittorio De Sica
31%
The Big Short - Le Casse Du Siècle (2015) Adam McKay
23%
Midnight Express (1978) Alan Parker
23%
Dark City (1998) Alex Proyas
23%
Une Séparation (2011) Asghar Farhadi
23%
Tchao Pantin (1983) Claude Berri
23%
Phenomena (1985) Dario Argento
23%
Ma Nuit Chez Maud (1969) Eric Rohmer
23%
Hors Normes (2019) Eric Toledano et Olivier Nakache
23%
To Be Or Not To Be (1942) Ernst Lubitsch
23%
Inexorable (2021) Fabrice Du Welz
23%
Grâce à Dieu (2019) François Ozon
23%
The Raid 2 (2014) Gareth Evans
23%
Les Tontons Flingueurs (1963) Georges Lautner
23%
Un Singe En Hiver (1962) Henri Verneuil
23%
Une Affaire De Famille (2018) Hirokazu Kore-eda
23%
Mon Inconnue (2019) Hugo Gélin
23%
Le Trou (1960) Jacques Becker
23%
Toy Story 2 (1999) John Lasseter
23%
Bonne Conduite (2023) Jonathan Barré
23%
Iron Man 2 (2010) Jon Favreau
23%
L'orphelinat (2007) Juan Antonio Bayona
23%
Funny People (2009) Judd Apatow
23%
Clerks, Les Employés Modèles (1994) Kevin Smith
23%
Sheitan (2005) Kim Chapiron
23%
Speed Racer (2008) Lana et Lilly Wachowski
23%
Les Enfants Du Temps (2019) Makoto Shinkai
23%
Casino Royale (2006) Martin Campbell
23%
Les Banshees D'Inisherin (2022) Martin McDonagh
23%
La Planète Des Singes : Suprématie (2017) Matt Reeves
23%
Blow-up (1966) Michelangelo Antonioni
23%
District 9 (2009) Neil Blomkamp
23%
Marriage Story (2019) Noah Baumbach
23%
Rush (2013) Ron Howard
23%
Triangle Of Sadness (2022) Ruben Östlund
23%
Sinister (2012) Scott Derrickson
23%
Real Steel (2011) Shawn Levy
23%
Shame (2011) Steve McQueen
23%
Aguirre, La Colère De Dieu (1972) Werner Herzog
23%
Frontière(s) (2007) Xavier Gens
23%
Voyage à Tokyo (1953) Yasujiro Ozu
23%
Mon Chien Stupide (2019) Yvan Attal
23%
L'échelle De Jacob (1990) Adrian Lyne
15%
Le Jour De La Bête (1995) Alex de la Iglesia
15%
Ex Machina (2015) Alex Garland
15%
Good Morning Vietnam (1987) Barry Levinson
15%
Silent Hill (2006) Christophe Gans
15%
Trouble Every Day (2001) Claire Denis
15%
Que La Bête Meure (1969) Claude Chabrol
15%
Itinéraire D'un Enfant Gâté (1988) Claude Lelouch
15%
Swiss Army Man (2016) Daniel Kwan et Daniel Scheinert (Daniels)
15%
Under The Silver Lake (2018) David Robert Mitchell
15%
Blood Diamond (2006) Edward Zwick
15%
Cabin Fever (2002) Eli Roth
15%
Don't Breathe (2016) Fede Alvarez
15%
Monsieur Smith Au Sénat (1939) Frank Capra
15%
Les Marches Du Pouvoir (2011) George Clooney
15%
Saint Amour (2016) Gustave Kervern et Benoît Delépine
15%
Mr. Nobody (2009) Jaco Van Dormael
15%
Le Mans 66 (2019) James Mangold
15%
Frankenstein (1931) James Whale
15%
La Bête Humaine (1938) Jean Renoir
15%
Jackass Forever (2022) Jeff Tremaine
15%
L'aventure Intérieure (1987) Joe Dante
15%
Chute Libre (1993) Joel Schumacher
15%
Husbands (1970) John Cassavetes
15%
Le Faucon Maltais (1941) John Huston
15%
Les Blues Brothers (1980) John Landis
15%
Philadelphia (1993) Jonathan Demme
15%
Coco (2017) Lee Unkrich
15%
Les Enfants Loups : Ame Et Yuki (2012) Mamoru Hosoda
15%
Secrets Et Mensonges (1996) Mike Leigh
15%
Donnie Brasco (1997) Mike Newell
15%
Donnie Darko (2001) Richard Kelly
15%
The Devil's Rejects (2005) Rob Zombie
15%
Le Monde Est à Toi (2018) Romain Gavras
15%
Ichi The Killer (2001) Takashi Miike
15%
War Dogs (2016) Todd Phillips
15%
American History X (1998) Tony Kaye
15%
Le Prénom (2012) Alexandre de La Patellière
8%
La Famille Addams (1991) Barry Sonnenfeld
8%
Cabal (1990) Clive Barker
8%
La Mémoire Dans La Peau (2002) Doug Liman
8%
La Vie Des Autres (2006) Florian Henckel Von Donnersmarck
8%
Ring (1998) Hideo Nakata
8%
50/50 (2011) Jonathan Levine
8%
Danny The Dog (2005) Louis Letterier
8%
L'Enfer Des Zombies (1979) Lucio Fulci
8%
L'âge D'or (1930) Luis Bunuel
8%
Doctor Sleep (2019) Mike Flanagan
8%
Entretien Avec Un Vampire (1994) Neil Jordan
8%
Abuela (2021) Paco Plaza
8%
Les Goonies (1985) Richard Donner
8%
Aladdin (1992) Ron Clements
8%
The Forest Of Love (2019) Sion Sono
8%
RRR (2022) S.S. Rajamouli
8%
La Couleur Des Sentiments (2011) Tate Taylor
8%
Morse (2008) Tomas Alfredson
8%
Spotlight (2015) Tom McCarthy
8%
Ip Man (2008) Wilson Yip
8%
L'histoire Sans Fin (1984) Wolfgang Petersen
8%
Coco Avant Chanel (2009) Anne Fontaine
0%
L'emmerdeur (1973) Edouard Molinaro
0%
Malveillance (2011) Jaume Balaguero
0%
La Maison De Cire (2005) Jaume Collet-Serra
0%
Le Gendarme De Saint-Tropez (1964) Jean Girault
0%
La Baie Sanglante (1971) Mario Bava
0%
Le Temps D'un Week-end (1992) Martin Brest
0%
Capitaine Phillips (2013) Paul Greengrass
0%
Good Morning England (2009) Richard Curtis
0%
La Momie (1999) Stephen Sommers
0%
Vampire, Vous Avez Dit Vampire ? (1985) Tom Holland
0%
Aucun quiz correspondant
Distribution des résultats
% des personnes avec chaque résultat
Percentile par nombre de réponses
Votre historique - résultats
Vous n’avez pas pris ce quiz depuis la dernière actualisation